Well I Wonder - The Smiths full Lyrics - Statistics

General Stats
  • This quiz has been taken 8 times
  • The average score is 49 of 87
Answer Stats
Answer % Correct
I
100%
I
100%
I
100%
I
100%
I
100%
I
100%
I
100%
I
100%
we
100%
Well,
100%
Well,
100%
Well,
100%
Well,
100%
wonder:
100%
wonder,
100%
wonder,
100%
wonder.
100%
you
100%
you
100%
you
100%
"Do
86%
Do
86%
me
86%
me
86%
me
86%
me
86%
me
86%
me
86%
me
86%
when
86%
when
86%
see
71%
cry
57%
in
57%
in
57%
in
57%
in
57%
in
57%
Oh,
57%
the
57%
the
57%
but
43%
but
43%
die.
43%
hear
43%
is
43%
is
43%
keep
43%
keep
43%
keep
43%
keep
43%
Keep
43%
mind.
43%
mind.
43%
mind,
43%
mind,
43%
mind.
43%
sleep?"
43%
still
43%
still
43%
alive,
29%
alive,
29%
half-
29%
hoarsely
29%
pass?
29%
Please,
29%
Please,
29%
Please,
29%
somehow
29%
somehow
29%
This
29%
This
29%
all
14%
all
14%
am,
14%
am.
14%
dying,
14%
fierce
14%
final
14%
Gasping,
14%
Gasping,
14%
last
14%
of
14%
of
14%
stand
14%
stand
14%
(why?)
14%
No matching quizzes found
Score Distribution
Percent of People with Each Score
Percentile by Number Answered
Your Score History
You have not taken this quiz